000 00534nam a2200217 a 4500
999 _c5010
_d5010
001 5010
003 BD-JhCC
005 20180103174547.0
008 171206s1965 U |||| ||a| 000 0 eng d
035 _a(BD-JhCC) 5010
040 _aBD-JhCC
_dBD-JhCC
041 _aeng
082 _a428
_bYGL 1965
100 _aYglesias, J. R. C
245 _aPleasure in English /
_cYglesias, J. R. C
260 _aLondon :
_bLongmans,
_c1961
300 _a168 p .:
_c19 cm .
650 _aEnglish Language
942 _2ddc
_cBK